000 00846nam a22002057a 4500
999 _c11871
_d11871
003 AR-CdUCM
008 190405b ||||| |||| 00| 0 spa d
040 _aMUNICIPALIDAD PROVINCIAL DEL CUSCO
_cBIBLIOTECA MUNICIPAL DEL CUSCO
082 _aES / 373.985 /
_bAL48
_22ed.
100 _aAlvarado, Hernán
_927492
245 _aHistoria del Perú en el Proceso Americano y Mundial /
260 _aLima :
_bEdiciones Quipu ;
_c1993.
300 _a182 páginas ;
_bIlustraciones, mapas
_c23cm
500 _aEducación secundaria 3ro
505 _aContenido: Antecedentes de la conquista del Perú -- La crisis del Tahuantinsuyo -- El centro del poder virreinal y la resistencia -- Las guerras civiles entre españoles -- El mercantilismo...
650 _aPerú
_935
650 _aHistoria
_9136
942 _2ddc
_cLIBROS
945 _anom
_d2019-04-05